Регионална библиотека "Любен Каравелов" - Русе

Изложение за състоянието на Русенския окръг през 1901 - 1902 година (Запис номер 44414)

MARC детайли
000 -Лидер
Контролно поле с фиксирана дължина 02429nam a2200469 a 4500
003 - Код на организацията, давaща контролен номер
Контролно поле BLK
005 - Дата и час на последна редакция
Контролно поле 20240105094114.0
008 - Елементи от данни с фиксирана дължина
fixed length control field 180408b bul|||||r ||||||| ||bul||
010 ## - Наследен системен номер
LC control number KNG00048181000
040 ## - Източник на каталожния запис
Идентификатор на билиотеката - собственик на записа BLK
041 ## - Код за език
Код за езика на текст/звукозапис или на отделно заглавие Български
Код за езика КДБФ Български
072 #7 - Код за тематичната категория
Код организация bullib
Код за тематична категория К
Текст Краезнание
080 ## - УДК
Текстов определител УДК Средна степен. Регионално управление на области, окръзи, кантони, департаменти, провинции и др.
УДК код - определител по УДК 353
УДК определител (497.215)
УДК - код + определител 353(497.215)
139 ## - Редно поле
Редна дума Изложение за състоянието на Русенския окръг през 1901 - 1902 година
Авторски знак Изложе - И 43
245 10 - Сведения за заглавието
Заглавие Изложение за състоянието на Русенския окръг през 1901 - 1902 година
Подзаглавни данни Представено на Русенския окр. съвет при откриването редовната му сес. през 1902 г. от русенския окр. управ. П. Манолов
257 ## - Страна на издаване
Страна на създаване/издаване България
260 ## - Област на издателските данни
Място на издаване, разпространение и проч. Русе
Година на издаване 1902
Печатница Русе : печ. М. Х. Костов
300 ## - Физическа характеристика
Страници 145 с.
Размери/Мащаб 23 см
380 ## - Жанр
Жанр Обществени науки
500 ## - Общи забележки
Забележка Изд. на Окр. съвет. Русе.
650 #4 - Допълнително описание по предмет – тема
Основно описание – тема или топоним Социално-икономическо положение - Русенска област
9 (RLIN) 275827
650 #4 - Допълнително описание по предмет – тема
Основно описание – тема или топоним Народни съвети - България
9 (RLIN) 275829
650 #4 - Допълнително описание по предмет – тема
Основно описание – тема или топоним Русе - стопанско развитие
9 (RLIN) 275828
651 #4 - Допълнително описание по предмет - топоним
Географско понятие Русенско
9 (RLIN) 179464
653 ## - Ключова дума – ненормативна
Ключова дума Русенска област
653 ## - Ключова дума – ненормативна
Ключова дума окръзи
653 ## - Ключова дума – ненормативна
Ключова дума стопанско управление
653 ## - Ключова дума – ненормативна
Ключова дума местно управление
653 ## - Ключова дума – ненормативна
Ключова дума народни съвети
700 1# - Други автори (авторска отговорност)
Лично име Манолов, Петър
Автороска отговорност (Описва отношението между автора и произведението) представя
9 (RLIN) 92246
852 ## - Местоположение
Форматна сигнатура Цб 304993
Фондова буква Основен фонд - ползва се само за читалня
852 ## - Местоположение
Форматна сигнатура К 352/354/И 43
Фондова буква Краезнание
852 ## - Местоположение
Форматна сигнатура К 352/354/И 43
Фондова буква Краезнание
852 ## - Местоположение
Форматна сигнатура К 352/354/И 43
Фондова буква Краезнание
856 4# - Електронен адрес и достъп
Електронен формат pdf - файл
Инструкция (цена за достъп) 0.00
Права за достъп Достъп за регистрирани потребители
Име на файл Изложение за състоянието на Русенския окръг през 1901 - 1902 година
Допълнителна информация (Корица, съдържание, пълен текст, звуков файл, HTML файл) Електронна книга
Информация за съдържанието Изложение за състоянието на Русенския окръг през 1901 - 1902 година
856 4# - Електронен адрес и достъп
Електронен формат pdf - файл
Инструкция (цена за достъп) 0.00
Права за достъп disable
999 ## - СИСТЕМНИ КОНТРОЛНИ НОМЕРА
Koha biblionumber 44414
Koha biblioitemnumber 44414
942 ## - АРТИКУЛИ
Вид на библиотечния материал Книги
Скрит в OPAC Не
Периодичен библиозапис Да
Koha issues (borrowed), all copies 5
944 ## - СЪЗДАВАНЕ И РЕДАКЦИЯ на ЗАПИСА
Създаване/Редакция Създаване
Дата на регистрацията/редакция 09.02.2005
Служител, извършил регистрацията/редакцията 30575
Статус, дата на статуса Мартин Енчев
944 ## - СЪЗДАВАНЕ И РЕДАКЦИЯ на ЗАПИСА
Създаване/Редакция Редакция
Дата на регистрацията/редакция 2023-04-20
Служител, извършил регистрацията/редакцията Кети
999 ## - СИСТЕМНИ КОНТРОЛНИ НОМЕРА
Koha biblioitemnumber 44414
999 ## - СИСТЕМНИ КОНТРОЛНИ НОМЕРА
Koha biblioitemnumber 44414
Наличности
Код за отписване Код за изгубен артикул Източник на класификационната схема Код за повреда Коз за рестрикции Код за отдаване Артикулен № Име на библиотеката - собственик Име на библиотеката, в която се намира в момента Статус (Текущо местоположение) Дата на вписване в системата Местоположение - отдел Цена в лева Инвентарен номер Систематично азбучна сигнатура Баркод Номер на екземпляра Цена в евро Служебна бележка Служебен тип на артикула
  Не е изгубен Universal Decimal Classification Не е повреден без рестрикции ползва се в читалня 70097 Регионална библиотека "Любен Каравелов" Русе Регионална библиотека "Любен Каравелов" Русе Хранилище 2005-02-09 Основен фонд - ползва се само за читалня 6.00 120000691713 Цб 304993 120000691713 1 3.07 Дост: DA Вид: А N: 3 Дата: 07.02.2005 Книги
  Не е изгубен Universal Decimal Classification Не е повреден без рестрикции ползва се в читалня 70098 Регионална библиотека "Любен Каравелов" Русе Регионална библиотека "Любен Каравелов" Русе Краезнание 1902-01-01 Краезнание 0.40 18584/68 К 352/354/И 43 900000003245 2 0.20 Дост: Pk Вид: Ф N: стар фонд Дата: 01.01.1902 Дата инв: 09.11.2017 Бележки инв: К2017 Книги
  Не е изгубен Universal Decimal Classification Не е повреден без рестрикции ползва се в читалня 70099 Регионална библиотека "Любен Каравелов" Русе Регионална библиотека "Любен Каравелов" Русе Краезнание 1902-01-01 Краезнание 0.16 31223 К 352/354/И 43 900000096611 3 0.08 Дост: Pk Вид: Ф N: стар фонд Дата: 01.01.1902 Дата инв: 09.11.2017 Бележки инв: К2017 Книги
  Не е изгубен Universal Decimal Classification Не е повреден без рестрикции ползва се в читалня 70100 Регионална библиотека "Любен Каравелов" Русе Регионална библиотека "Любен Каравелов" Русе Краезнание 1902-01-01 Краезнание 0.30 101656 К 352/354/И 43 120000101656 4 0.15 Дост: Pk Вид: Ф N: стар фонд Дата: 01.01.1902 Дата инв: 09.11.2017 Бележки инв: К2017 Книги
Vip Innovations Ltd, Rousse, Bulgaria 2025